00426 2200157 4500001002100000008004100021035002000062245005300082100003000135260002500165300002200190020002200212084001400234082000800248990001200256INLIS000000000002826 IND  a0010-0925000173 aSetetes Embun UntukmucRiri Ansar & Adi Rustandi aRiri Ansar & Adi Rustandi aJakartabZettuc2014 a296c(13 x 19 cm) a798-602-7999-77-0 a813 RIR c a813 a0755048